EMBROIDERY FOR CHILDREN'S CLOTHING (Record no. 581490)
[ view plain ]
| 000 -LEADER | |
|---|---|
| fixed length control field | 00247nam a22001097a 4500 |
| 020 ## - INTERNATIONAL STANDARD BOOK NUMBER | |
| International Standard Book Number | 0-87040-414-8 |
| 082 ## - DEWEY DECIMAL CLASSIFICATION NUMBER | |
| Classification number | 746.44 EMB'R |
| 245 ## - TITLE STATEMENT | |
| Title | EMBROIDERY FOR CHILDREN'S CLOTHING |
| 260 ## - PUBLICATION, DISTRIBUTION, ETC. | |
| Place of publication, distribution, etc. | JAPAN |
| Name of publisher, distributor, etc. | ONDORRISHA |
| Date of publication, distribution, etc. | 1977 |
| 300 ## - PHYSICAL DESCRIPTION | |
| Extent | 102P |
| 942 ## - ADDED ENTRY ELEMENTS (KOHA) | |
| Koha item type | Book |
| Withdrawn status | Lost status | Damaged status | Not for loan | Permanent Location | Current Location | Shelving location | Date acquired | Total Checkouts | Full call number | Barcode | Date last seen | Price effective from | Koha item type |
|---|---|---|---|---|---|---|---|---|---|---|---|---|---|
| College of Electrical & Mechanical Engineering (CEME) | College of Electrical & Mechanical Engineering (CEME) | Reference | 05/25/2017 | 746.44 EMB'R | CEME-11422 | 06/28/2021 | 06/28/2021 | Book |
